000 01243nam a2200241Ii 4500
003 JO-AjNU
005 20240702093945.0
008 230605s9999||||xx |||||||||||||| ||und||
040 _aJO-AjNU
_bara
_erda
_cJO-AjNU
041 _aara
050 1 4 _aHD30.28.2020
100 1 _aسغيفان، احمد ماجد
_eمعد
_965970
245 0 0 _aاثر التخطيط الاستراتيجي في تحقيق التنمية المستدامة في مجالس محافظات اقليم الشمال = The Impact Of Stractegic Planning In Achieving Sustainable Development In North Distict Governorates Councils /
_cاعداد احمد ماجد سعيفان؛ بدر عايد القعيد
264 3 1 _a2020
300 _a109 ورقة
336 _atext
_btxt
_2rdacontent
337 _aunmediated
_bn
_2rdamedia
338 _avolume
_bnc
_2rdacarrier
500 _aرسالة جامعية( رساة ماجستير في ادارة الاعمال)، جامعة عجلون الوطنية، كلية ادارة الاعمال(عجلون، الاردن)،2020
650 4 _aالتنمية المستدامة - محافظات اقليم الشمال - الاردن
_959790
700 1 _aالقعيد، بدر عايد
_964879
_eمشرف
942 _2lcc
_cTHS
999 _c30491
_d30491